00845nam a22002657a 45000010005000000030006000050050017000110080041000280200018000690400029000870500015001160820010001311000027001412450059001682500026002272600038002533000045002914900047003365050007003835200104003905210019004945210018005136500027005316500021005585103FISKH20250820100832.0241106b cb ||||| |||| 00| 0 eng d a9780789485151 aFISKHbengcFISKHdFISKH aQL737.C424 a599.5 aJenner, Carynd(1949-) aJourney of a humpback whale /cWritten by Caryn Jenner aFirst edition in 2002 aNew York :bDK Publishing,c2002. a32 pages :bcolor illustrations ;c22 cm aDK readers : vBeginning to read alone 2.  aN  aFollows a humpback whale as he swims from the Caribbean Sea to the far north of the Atlantic Ocean.8 a590 bLexile 8 aN bRaz-Plus  2WhalesaOceanvMammals 2ScienceaAnimals